000
00180nam a22000977a 4500
003
SGT
245
_a
Journal of Endodontics
260
_a
USA
_c
2004
300
_a
828
942
_2
ddc
_c
BV
999
_c
27310
_d
27310